000 01147nji a22002777a 4500
005 2010090402102.0
006 a|||||r|||||00| 0
007 sd ammalaaahaa
008 100830t xxu||||| |||| 00| 0 eng d
028 _aN 20025
_bHis Master's Voice
035 _aGR-504
040 _aSED
_cSED
100 _917455
_aTalat Mahmood
245 _aGamey jindagi ka yarav - gajal /
_cby Talat Mahmood ; lyics by Idris A. Minai ; music by Chitta Roy
_h[sound recording] :
246 _aगमे जिंदगी का यारव - गजल / तलत महमूद द्वारा
260 _aDum Dum, India
_bHis Master's Voice
300 _a1 sound disc [Gramophone Recording]:
_banalog, 33 1/3 rpm
_c9.5 in. (MP)
_fGramophone Record
500 _aBrief Record
505 _aSide-2 नजर बुलबुल को कहती (Najar bulbul ko kehti) (Talat Mahood)
650 _aClassical music
_zIndia
_91186
_xExcerpts
700 _917416
_aRoy, Chitta
700 _917456
_aMinai, Idris A.
700 _918315
942 _2ddc
_cGR
999 _c43730
_d43730